000 00652nam a22002057a 4500
999 _c17375
_d17375
003 AR-CdUCM
008 190508b ||||| |||| 00| 0 spa d
040 _aMUNICIPALIDAD PROVINCIAL DEL CUSCO
_cBIBLIOTECA MUNICIPAL DEL CUSCO
082 _a192 /
_bB12
100 _aBacon, Francisco
_937351
245 _aLa fabula de la nueva atlantida /
260 _aBuenos Aires :
_bTor,
_c1943.
300 _a125 paginas ;
_c18 cm.
440 _aEx libris
_930916
505 _aContenido :La fabula de la nueva atlantida /
650 _aEstudio filosofĂ­a baconiana
_937352
650 _aAtlantida
_937353
942 _2ddc
_cLIBROS
945 _arjall
_d2019-05-08